000 00531nam a2200181Ia 4500
001 20031
005 20260306172736.0
008 260306t2024||||xx |||||||||||||| ||spa||
041 _aESP
082 _a342.211
_bC89
110 _aDivisión de Estudios Jurídicos de Gaceta Jurídica
245 0 _aDerechos fundamentales y proceso :
_bjurisprudencia constitucional e interamericana relevante (2020-2024)
260 _c2024
300 _a366 páginas :
_c25 cm.
650 _aGEN
654 _aCDE
942 _cLIB
_dJUS
_fJUS
_2ddc
_n
999 _c20031
_d20031